Tous les personnages jouables des soulcalibur - Statistiques

Statistiques générales
  • Ce quiz a été pris 14 fois
    13 depuis la dernière actualisation
  • Le résultat moyen est 29 sur 81
Statistiques - réponses
Hint Réponse % Correct
SC2/SC3/SC4/Broken Destiny/SC5/SC6/Lost Swords Raphael
86%
SB/SC1/SC2/SC3/SC4/Broken Destiny/SC5/SC6 Voldo
86%
SC1/SC2/SC3/SC4/Broken Destiny/SC5/SC6/Lost Swords/Legends Astaroth
71%
SC1/SC2/SC3/SC4/Broken Destiny/SC5/SC6/Lost Swords/Legends Ivy
71%
SC1/SC2/SC3/SC4/Broken Destiny/SC5/SC6 Kilik
71%
SC2 Link
71%
SB/SC1/SC2/SC3/SC4/Broken Destiny/SC5/SC6/Lost Swords/Legends Mitsurugi
71%
SC1/SC2/SC3/SC4/Broken Destiny/SC5/SC6/Lost Swords Nightmare
71%
SB/SC1/SC3/SC4/Broken Destiny/SC5/SC6/Lost Swords/Legends Siegfried
71%
SB/SC1/SC2/SC3/SC4/Broken Destiny/SC6/Lost Swords/Legends Taki
71%
SC1/SC2/SC3/SC4/Broken Destiny/SC6 Xianghua
71%
SC1/SC2/SC3/SC4/Broken Destiny/SC5/SC6 Yoshimitsu
71%
SC6 Azwel
57%
SB/SC1/SC2/SC3/SC4/Broken Destiny/SC5/SC6 Cervantes
57%
SC4 Dark Vador
57%
SC6 Groh
57%
SC4 L'Apprenti
57%
SC1/SC2/SC3/SC4/Broken Destiny/SC5/SC6 Maxi
57%
SB/SC1/SC2/SC3/SC4/Broken Destiny/SC6/Lost Swords/Legends Sophitia
57%
SC2/SC3/SC4/Broken Destiny/SC6 Talim
57%
SC3/SC4/Broken Destiny/SC5/SC6 Tira
57%
SC4 Yoda
57%
SC6 2B
43%
SC3/SC4/Broken Destiny/SC6/Lost Swords Amy
43%
SC2/SC3/SC4/Broken Destiny/SC6/Lost Swords Cassandra
43%
SC6 Geralt De Riv
43%
SC2 Heihachi
43%
SC4/Broken Destiny/SC5/SC6/Lost Swords Hilde
43%
SB/SC1/SC3/SC6 Hwang
43%
SC1/SC6/Lost Swords Inferno
43%
Broken Destiny Kratos
43%
SC1/SC2/SC3/SC4/Broken Destiny/SC5 Lizardman
43%
SC4/Broken Destiny/SC5 Algol
29%
SC4 Angol Fear
29%
SC4 Ashlotte
29%
SC2 Assassin
29%
SC2 Berserker
29%
SC2 Charade
29%
Broken Destiny/SC5 Dampierre
29%
SC3 Girardot
29%
SC6 Haohmaru
29%
SC5/Lost Swords Leixia
29%
SB/SC3 Li Long
29%
Legends Lloyd Irving
29%
SC5/Lost Swords Patroklos
29%
SC5/Lost Swords Pyrrha
29%
SB/SC1/SC3/SC4/Broken Destiny Rock
29%
SC3/SC4/Broken Destiny/SC6 Setsuka
29%
SC4 Shura
29%
SC2 Spawn
29%
SC5 Viola
29%
SC2/SC3/SC4/Broken Destiny Yun-seong
29%
SC3/SC4/Broken Destiny/SC6 Zasalamel
29%
SC5 Z.W.E.I
29%
SC3 Abelia
14%
SC3 Abyss
14%
SC3 Chester
14%
SC3 Demuth
14%
SC1/SC5 Edge Master
14%
SC5/Lost Swords Elysium
14%
SC5 Ezio Auditore
14%
SB Han Myeong
14%
SC3 Hualin
14%
Lost Swords Jin
14%
SC4 Kamikirimusi
14%
SC3 Luna
14%
SC3 Lynette
14%
SC3 Miser
14%
SC5 Natsu
14%
SC2 Necrid
14%
SC3 Olcadan
14%
SC3 Revenant
14%
SC4 Scheherazade
14%
SB/SC1/SC2/SC3/SC4/Broken Destiny/SC6/Lost Swords Seung Mina
14%
SB Soul Edge
14%
SC3 Strife
14%
SC3 Valeria
14%
SC5 Xiba
14%
SC3 Arthur
0%
SC3 Aurelia
0%
SC3 Greed
0%
Aucun quiz correspondant
Distribution des résultats
% des personnes avec chaque résultat
Percentile par nombre de réponses
Votre historique - résultats
Vous n’avez pas pris ce quiz depuis la dernière actualisation